000 00365nam a22001337a 4500
040 _cNUST
082 _a355.0095491
100 _aDr. Safdar Ali Shah
_954662
245 _aPakistan Ordnance Factories :
_bA Story of Glory /
_cDr. Safdar Ali Shah
260 _aRawalpindi :
_bA POF Publication,
_c2019.
300 _axxiii : 322p.
500 _aHB
942 _2ddc
_cBK
999 _c614628
_d614628